000
00272nam a22001217a 4500
008
180306b xxu||||| |||| 00| 0 eng d
041
_a
eng
080
_a
91
100
_a
41
101
_a
geo
245
_a
cartographia mapping civilization
_c
virga.v
942
_2
udc
_c
BK
999
_c
44171
_d
44171